Investigacin̤ de mercados Un enfoque gerencial /

Bibliographic Details
Main Author: Plazas Rojas, Fabio
Format: eBook
Language:Spanish
Published: Bogot:̀ Ediciones de la U, 2013
Subjects:
Online Access:Acceso restringido

MARC

LEADER 00000nam a22000007a 4500
005 20220920232954.0
007 cr|||| ||||
008 220920s2013 co |||||s|||| 00||0 spa d
020 |a 978-958-762-163-1 
035 |a 37237 
040 |a vLex 
090 |c 13992  |d 13992 
100 1 |a Plazas Rojas, Fabio 
245 1 0 |a Investigacin̤ de mercados  |h [Recurso electrn̤ico] :  |b Un enfoque gerencial /  |c Fabio Plazas Rojas 
256 |a Servicio en ln̕ea 
260 |a Bogot:̀  |b Ediciones de la U,  |c 2013 
300 |a 1 recurso electrn̤ico 
506 1 |a Disponible solo en los productos indicados  |d vLex Global  |d vLex Global (Academic Edition, excluding Law Schools)  |d vLex Global (U.S. Academic Edition, Law Schools)  |d vLex Global (U.S. Academic Edition, excluding Law Schools)  |d vLex Global (Academic Edition, Law Schools) 
650 0 4 |a Ciencias sociales  |z Colombia 
740 0 |a vLex Libros (Servicio en ln̕ea) 
856 4 0 |u https://app.vlex.com/#/sources/37237  |z Acceso restringido 
942 |c BOOK 
999 0 |a Social Sciences